स्वस्थ व सुखी जीवन का राज़ / (Record no. 205758)
[ view plain ]
| 000 -LEADER | |
|---|---|
| fixed length control field | 00843nam a22002057a 4500 |
| 005 - DATE AND TIME OF LATEST TRANSACTION | |
| control field | 20241003104955.0 |
| 010 ## - LCCN (DPL NO) | |
| LC control number | HIN-128395 |
| 020 ## - INTERNATIONAL STANDARD BOOK NUMBER | |
| International Standard Book Number | 9788194158196 |
| Terms of availability | 495.00 |
| 035 ## - SYSTEM CONTROL NUMBER | |
| System control number | HN-100741 |
| 037 ## - SOURCE OF ACQUISITION | |
| Source of stock number/acquisition | DBAD |
| 082 ## - DEWEY DECIMAL CLASSIFICATION NUMBER | |
| Classification number | 158.1 |
| 100 ## - MAIN ENTRY--PERSONAL NAME | |
| Personal name | आनंद, ललित |
| 245 ## - TITLE STATEMENT | |
| Title | स्वस्थ व सुखी जीवन का राज़ / |
| Statement of responsibility, etc | ललित आनंद |
| 250 ## - EDITION STATEMENT | |
| Edition statement | प्रथम |
| 260 ## - PUBLICATION, DISTRIBUTION, ETC. (IMPRINT) | |
| Place of publication, distribution, etc | दिल्ली |
| Name of publisher, distributor, etc | किताबवाला |
| Date of publication, distribution, etc | 2020 |
| 270 ## - ADDRESS | |
| Address | 2356, हडसन लाइन ,गुरु तेग बहादुर नगर , |
| City | दिल्ली |
| Postal code | 110009 |
| Telephone number | 9654444181 |
| Electronic mail address | kitabwallah@gmail.com |
| 300 ## - PHYSICAL DESCRIPTION | |
| Extent | 148 पृ. |
| Dimensions | 22 सेमी (सजिल्द) |
| 650 ## - SUBJECT ADDED ENTRY--TOPICAL TERM | |
| Topical term or geographic name as entry element | हिन्दी |
| 942 ## - ADDED ENTRY ELEMENTS (KOHA) | |
| Institution code [OBSOLETE] | dpl |
| Item type | Hindi Books |
| Source of classification or shelving scheme | Dewey Decimal Classification |
| Classification part | 158.1 |
| Call number suffix | आनंद |
| Withdrawn status | Lost status | Not for loan | Collection code | Home library | Current library | Date acquired | Source of acquisition | Cost, normal purchase price | Full call number | Barcode | Copy number | Cost, replacement price | Koha item type |
|---|---|---|---|---|---|---|---|---|---|---|---|---|---|
| Non-fiction | Shahdara Branch | Shahdara Branch | 10/09/2024 | DBAD | 495.00 | 158.1 आनंद | HN-100741 | 1 | 495.00 | Hindi Books |
